00349 a2200145 4500003000400000005001700004008004100021020001800062040000900080082001500089100002100104245003700125260003300162300000800195OSt20240111154941.0240111b |||||||| |||| 00| 0 eng d a9789382581307 coclc a297bPAR/S aParali, Kabeer M aSwargam Arike /cKabeer M Parali aKerala:bDa'wa books,c2017. a69p